Online
Catalog

Primicias de las letras puertorriqueñas ; (Record no. 41645)

MARC details
000 -CABECERA
campo de control de longitud fija 01285nam a2200301 a 4500
001 - NÚMERO DE CONTROL
campo de control 000042156
003 - IDENTIFICADOR DEL NÚMERO DE CONTROL
campo de control DO-SdBNP
005 - FECHA Y HORA DE LA ÚLTIMA TRANSACCIÓN
campo de control 20250313095012.0
008 - DATOS DE LONGITUD FIJA--INFORMACIÓN GENERAL
campo de control de longitud fija 131115s1970 pr ag 000 p spa d
040 ## - FUENTE DE LA CATALOGACIÓN
Centro catalogador/agencia de origen DO-SdBNP
Lengua de catalogación spa
Centro/agencia transcriptor BNPHU
082 ## - NÚMERO DE LA CLASIFICACIÓN DECIMAL DEWEY
Número de clasificación PR860.8
Número de documento/Ítem P953L
245 00 - MENCIÓN DE TÍTULO
Título Primicias de las letras puertorriqueñas ;
Resto del título Aguinaldo puertorriqueño (1843); Álbum puertorriqueño (1844); El cancionero de Borinquen (1846) /
Mención de responsabilidad, etc. editor ; Emilio M. Colón.
246 10 - FORMA VARIANTE DE TÍTULO
Título propio/Titulo breve Aguinaldo puertorriqueño (1843)
246 10 - FORMA VARIANTE DE TÍTULO
Título propio/Titulo breve Álbum puertorriqueño (1844)
246 13 - FORMA VARIANTE DE TÍTULO
Título propio/Titulo breve El cancionero de Borinquen (1846)
260 ## - PUBLICACIÓN, DISTRIBUCIÓN, ETC.
Lugar de publicación, distribución, etc. San Juan, Puerto Rico :
Nombre del editor, distribuidor, etc. Instituto de Cultura Puertorriqueña,
Fecha de publicación, distribución, etc. 1970.
300 ## - DESCRIPCIÓN FÍSICA
Extensión 516 p. :
Otras características físicas músic. ;
Dimensiones 23 cm.
500 ## - NOTA GENERAL
Nota general Incluye referencias bibliográficas y notas al pie de las páginas.
501 ## - NOTA DE "CON"
Nota de “Con” Encuadernado con: Aguinaldo puertorriqueño (1843)
501 ## - NOTA DE "CON"
Nota de “Con” Encuadernado con: Álbum puertorriqueño (1844)
501 ## - NOTA DE "CON"
Nota de “Con” Encuadernado con: El cancionero de Borinquen (1846)
563 ## - NOTA DE ENCUADERNACIÓN
Nota de encuadernación Tres obras encuadernadas juntas con paginación continua
650 #4 - PUNTO DE ACCESO ADICIONAL DE MATERIA--TÉRMINO DE MATERIA
Término de materia o nombre geográfico como elemento de entrada Poesía puertorriqueña
9 (RLIN) 1015
650 #4 - PUNTO DE ACCESO ADICIONAL DE MATERIA--TÉRMINO DE MATERIA
Término de materia o nombre geográfico como elemento de entrada Literatura puertorriqueña
9 (RLIN) 250
700 12 - PUNTO DE ACCESO ADICIONAL--NOMBRE DE PERSONA
Nombre de persona Colón, Emilio M.
Término indicativo de función/relación ed.
9 (RLIN) 4082
910 ## - DATOS DE OPCIÓN DEL USUARIO (OCLC)
Datos de opción del usuario Validado. Control de calidad MFF
942 ## - ELEMENTOS DE PUNTO DE ACCESO ADICIONAL (KOHA)
Fuente del sistema de clasificación o colocación Dewey Decimal Classification
Tipo de ítem Koha Libro
Holdings
Estado de retiro Estado de pérdida Restricciones de uso No para préstamo Código de colección Localización permanente Ubicación/localización actual Ubicación en estantería Fecha de adquisición Número de inventario Total de préstamos Signatura topográfica completa Código de barras Fecha visto por última vez Precio válido a partir de Tipo de ítem Koha
      Excluido de préstamo Monografías: Libros y Folletos Patrimonio Dominicano Patrimonio Dominicano Depósito 15.11.2013 LF1   PR860.8 P953L 42156-10 25.06.2020 25.06.2020 No se presta

Powered by Koha